000 00696nam a2200205Ii 4500
003 JO-AjNU
008 230605s9999||||xx |||||||||||||| ||und||
017 _a1995/7/730
040 _aJO-AjNU
_bara
_erda
_cJO-AjNU
041 _aara
050 1 4 _aGV1114.9.A2866 1995
100 3 _aتاليف أبو عثمان، أحمد,
_eauthor
_99662
245 0 0 _aالتايكواندو والفلسفة القتالية
264 3 1 _aعمان: مكتبة برهومة، 1995
300 _a109ص
_bصور توضيحية
336 _atext
_btxt
_2rdacontent
337 _aunmediated
_bn
_2rdamedia
338 _avolume
_bnc
_2rdacarrier
650 4 _aالتايكوندو - العاب المبارزة
_99663
999 _aA1415
_c4983
_d4983